Brand names in Chinese - Statistics

General Stats
  • This quiz has been taken 8 times
  • The average score is 8 of 15
Answer Stats
Pronunciation Rough meaning Category Answer % Correct
Nai Ke Endure & Overcome Sports Nike
100%
Su Ba Lu Fast land tyrant Automobile Subaru
100%
Sai Bai Wei Beating a hundred flavors Restaurant Subway
86%
Bao Ma Treasure horse Automobile BMW
71%
Xiang Nai Er Fragrance, elegance, feminine ending Fashion Chanel
57%
Ke Kou Ke Le Delicious and enjoyable Food Coca Cola
57%
Gao Lu Jie Revealing superior cleanliness Toothpaste Colgate
57%
Fu Bi Shi As rich as the world Business magazine Forbes
57%
Bang Bao Shi Help baby (feel) comfortable Baby product Pampers
57%
Ben Chi On the run Automobile Benz
43%
Ling Ying Leading elites Social Media Linkedin
43%
Xue Tie Long Snow iron dragon Automobile Citroen
29%
You Bi Su Excellent competent speed Courier UPS
29%
Jia Le Fu Family happy blessed Supermarket Carrefour
14%
Da Mei Le Arrive beauty joy Restaurant Domino's
14%
No matching quizzes found
Score Distribution
Percent of People with Each Score
Percentile by Number Answered
Your Score History
You have not taken this quiz